| 000 | 00000nas##2200000za#4500 |
| 001 | 9.507857 |
| 003 | CaOODSP |
| 005 | 20200325132521 |
| 007 | cr ||||||||||| |
| 008 | 150406c2005||||xxc|| p o||||f| |0eng|d |
| 040 | |aCaOODSP|beng |
| 043 | |an-cn--- |
| 086 | 1 |aR12-24E-PDF |
| 110 | 1 |aCanada.|bIndian and Northern Affairs Canada. |bNWT Region. |
| 245 | 10|aWhat's happening at Colomac? |h[electronic resource] |
| 260 | |aYellowknife - Northwest Territories : |bIndian and Northern Affairs. |
| 310 | |aAnnual |
| 362 | 1 |aWinter 2005-- |
| 690 | 07|aPollution|2gcpds |
| 690 | 07|aSite management|2gcpds |
| 775 | 08|tQue se passe-t-il à Colomac? |w(CaOODSP)9.504235 |
| 776 | 0#|tWhat's happening at Colomac? |w(CaOODSP)9.515539 |